000 00698nam a2200253Ia 4500
003 OSt
005 20220918202144.0
006 a|||||r|||| 00| 0
007 ta
008 220917b |||||||| |||| 00| 0 eng d
024 _a99,167
037 _cTextual
040 _aARTS
_cARTS
_beng
041 _2eng
_aeng
082 _aV2:25y7M61, M2.1
100 _aRavinder Kumar Ed.
245 0 _aSelected works of Motilal Nehru.
260 _aNew Delhi
_bVikas Pub House India
_c1982
490 _vV. 1
650 _aHISTORY
700 _a Panigrahi D N Ed.
_998907
942 _hV2:25y7M61, M2.1
_cTEXL
_2CC
999 _c222743
_d222743